000 01122njm a22002897a 4500
005 20100920115842.0
006 a|||||r|||||00| 0
007 sd ammalaaahaa
008 100901t xxu||||| |||| 00| 0 eng d
028 _aECSD. 3090
_bEMI
035 _aGR-03895
040 _aSED
_cSED
100 _aGurdas Maan
_917891
245 _aDil saaf hona chahida /
_cby Gurdas Maan; lyric by Gurdas Maan; music by Charanjit Ahuja
_h[Sound recording]
246 _aਦਿਲ ਸਾਫ਼ ਹੋਣਾ ਚਾਹਿਦਾ / ਗੁਰਦਾਸ ਮਾਨ ਦ੍ਵਾਰਾ
260 _aDum Dum, India
_bEMI
_c1983
300 _a1 Sound disc [Gramophone Recording] :
_banalog, 33 1/3 rpm
_c12 in. (LP)
_fGramophone Record
500 _aBrief record
500 _aRecord Labels : EMI, Red
505 _aSide-2 (Akh lag gayi sohniyan nal) (Gurdas Maan)
600 _aGurdas Maan
_919718
650 _aPunjabi film songs
_xExcerpts
_zIndia
_917892
700 _aGurdas Maan
_920083
700 _aCharanjit Ahuja
_920095
942 _2ddc
_cGR
999 _c46937
_d46937